Guess The Male Actor by Movies they've been in - Statistics

General Stats
  • This quiz has been taken 541 times
    486 since last reset
  • The average score is 23 of 40
Answer Stats
Hint Answer % Correct
Charlie and the Chocolate Factory, Pirates of the Caribbean, Edward Sissorhands Johnny Depp
96%
Titanic, The The Revenant, Inception Leonardo DiCaprio
96%
Mission Impossible, Top Gun, Jack Reacher Tom Cruise
88%
Castaway, Forrest Gump, The Green Mile Tom Hanks
85%
Seven, Fight Club, Inglorious Basterds Brad Pitt
83%
Red Notice, Baywatch, Rampage Dwayne Johnson
79%
King Richard, I Am Legend, Suicide Squad Will Smith
79%
Blade Runner, Star Wars, Indiana Jones Harrison Ford
70%
Logan, The Greatest Showman, Prisoners Hugh Jackman
67%
Dune, Don't Look Up, Call Me By Your Name Timothée Chalamet
67%
The Dark Knight Rises, American Psycho, The Prestige Christian Bale
66%
Brokeback Mountain, The Dark Knight, 10 Things I Hate about you Heath Ledger
66%
Terminator, Predator, Last Action Hero Arnold Schwarzenegger
64%
Good Will Hunting, Saving Private Ryan, The Bourne Identity Matt Damon
64%
Pointbreak, Bill and Ted's excellent Adventure, John Wick Keanu Reeves
63%
The Shawshank Redemption, Bruce Almighty, Going In Style Morgan Freeman
63%
Jumanji, Mrs Doubtfire, Dead Poets Society Robin Williams
63%
The Godfather, Scarface, Heat Al Pacino
62%
Rocky, Rambo, CliffHanger Sylvester Stallone
62%
Pulp Fiction, The Hitman's Bodyguard, Unbreakable Samuel L Jackson
61%
Django Unchained, The Amazing Spiderman 2, Ray Jamie Foxx
60%
Die Hard, Armageddon, The Sixth Sense Bruce Willis
58%
Taxi Driver, The Irishman, Cape Fear Robert De Niro
58%
Guardians Of The Galaxy, The Mule, A Star Is Born Bradley Cooper
56%
The Departed, The Shining, Batman Jack Nicholson
56%
Daddy's Home, Step Brothers, Elf Will Ferrel
56%
Oceans 11, Batman and Robin, From Dusk till Dawn George Clooney
55%
Taken, Shidler's List, Love Actually Liam Neeson
54%
Interstellar, Dallas Buyers Club, The Gentlemen Matthew McConaughey
54%
Silence Of The Lambs, Thor, The Father Anthony Hopkins
51%
The Equalizer, Training Day, Man On Fire Denzel Washington
51%
Ghostbusters, Groundhog Day, Caddy Shack Bill Murray
44%
Batman Returns, Twins, Matilda Danny Devito
41%
The Godfather, Apocalypse Now, Superman Marlon Brando
39%
Lincoln, Gangs Of New York, There Will be Blood Daniel Day Lewis
37%
Escape From Alcatraz, Dirty Harry, Grand Torini Clint Eastwood
36%
Indiana Jones, Dr No, The Rock Sean Connery
31%
Batman Begins, Dirty Rotten Scoundrels, The Italian Job Michael Caine
28%
Enter The Dragon, The Big Boss, Game Of Death Bruce Lee
23%
The Thing, Escape From New York, Tombstone Kurt Russel
20%
No matching quizzes found
Score Distribution
Percent of People with Each Score
Percentile by Number Answered
Your Score History
You have not taken this quiz since the last reset